U.S. States of the Jello Belt on a Map - Statistics

General Stats
  • This quiz has been taken 296 times
  • The average score is 9 of 9
Answers on the Map
Answers color-coded by a green-red scale on the quiz's map according to % correct below.
 
Answer Stats
U.S. State % Correct
California
99%
Nevada
99%
Utah
99%
Arizona
98%
Colorado
98%
Idaho
98%
New Mexico
98%
Wyoming
98%
Montana
97%
No matching quizzes found
Score Distribution
Percent of People with Each Score
Percentile by Number Answered
Your Score History
You have not taken this quiz